书目信息 |
| 题名: |
高层建筑结构设计
|
|
| 作者: | 唐兴荣 编著 | |
| 分册: | ||
| 出版信息: | 北京 机械工业出版社 2007.01 |
|
| 页数: | 515页 | |
| 开本: | 24cm | |
| 丛书名: | ||
| 单 册: | ||
| 中图分类: | TU973-44 | |
| 科图分类: | ||
| 主题词: | 高层建筑--gao ceng jian zhu--结构设计--问答 | |
| 电子资源: | ||
| ISBN: | 7-111-20362-3 | |
| 000 | 00836nam0 2200229 450 | |
| 001 | 012007302031 | |
| 005 | 20070625155926.37 | |
| 010 | @a7-111-20362-3@dCNY48.00 | |
| 100 | @a20070411d2007 km y0chiy0120 ea | |
| 101 | 0 | @achi |
| 102 | @aCN@b110000 | |
| 105 | @aa a 000yy | |
| 200 | 1 | @a高层建筑结构设计@Agao ceng jian zhu jie gou she ji@f唐兴荣编著@Ftang xing rong bian zhu |
| 210 | @a北京@c机械工业出版社@d2007.01 | |
| 215 | @a515页@c图@d24cm | |
| 320 | @a有书目 (第509-515页)。 | |
| 330 | @a本书包括高层建筑结构设计的概念设计,荷载与地震作用,结构设计的基本规定,结构计算分析,框架结构,剪力墙结构,框架-剪力墙结构,板柱-剪力墙结构,简体结构等。 | |
| 606 | 0 | @a高层建筑@Agao ceng jian zhu@x结构设计@j问答 |
| 690 | @aTU973-44@v4 | |
| 701 | 0 | @a唐兴荣@Atang xing rong@4编著 |
| 801 | 0 | @aCN@c20070625 |
| 905 | @dTU973-44@eT265 | |
| 高层建筑结构设计/唐兴荣编著.-北京:机械工业出版社,2007.01 |
| 515页:图;24cm |
| ISBN 7-111-20362-3:CNY48.00 |
| 本书包括高层建筑结构设计的概念设计,荷载与地震作用,结构设计的基本规定,结构计算分析,框架结构,剪力墙结构,框架-剪力墙结构,板柱-剪力墙结构,简体结构等。 |
| ● |
| 相关链接 |
|
|
|
正题名:高层建筑结构设计
索取号:TU973-44/T265
 
预约/预借
| 序号 | 登录号 | 条形码 | 馆藏地/架位号 | 状态 | 备注 |
| 1 | 240693 | 202406930 | 建筑库201/201建筑库 88排2列2层/ [索取号:TU973-44/T265] | 在馆 | |
| 2 | 240694 | 202406949 | 建筑库201/201建筑库 88排2列2层/ [索取号:TU973-44/T265] | 在馆 | |
| 3 | 240695 | 202406958 | 建筑库201/201建筑库 88排2列2层/ [索取号:TU973-44/T265] | 在馆 |